| 000 | 00358nam a2200145Ia 4500 | ||
|---|---|---|---|
| 008 | 230917s9999||||xx |||||||||||||| ||und|| | ||
| 040 |
_e54454 _aMAIN |
||
| 041 | _aEnglish | ||
| 082 | _a301.04 H192H | ||
| 100 | _aRitzer, George | ||
| 245 | 0 | _aHandbook of social theory | |
| 260 |
_aLondon _bSage Publications _c2001 |
||
| 300 | _aviii, 552 p. | ||
| 942 | _cBK | ||
| 999 |
_c92786 _d92786 |
||